00560nam a2200169 a 450000100100000000500170001000800410002704000130006808200140008110000270009524500330012226000920015530000380024749000210028550000420030650000420034800000675220200929154004.0090902s1988 dr 000 0 spa d aDO-SdBNP axxxbJ82e1 aSalomón Jorged1963-10aEspigas /cSalomón, Jorge. aSantiago de los Caballeros :bPontificia Universidad Católica Madre y Maestra,c1988. a406 p. :bgráf. , il. ;c23 cm.0 aContemporaneos ; aIncluye datos biográficos del autor aIncluye notas al pie de las páginas